| 000 | 00451nam a22001697a 4500 | ||
|---|---|---|---|
| 003 | MACL | ||
| 005 | 20160115145828.0 | ||
| 008 | 160115b xxu||||| |||| 00| 0 eng d | ||
| 040 | _cMACL | ||
| 041 | _aEnglish | ||
| 082 | _a300/MAI | ||
| 100 |
_aMaiti Dr. Narayan Chandra _932621 |
||
| 245 | _aTraditional Caste Panchayat And Aspects Of Social Movement | ||
| 260 |
_aKolkata _bR. N. Bhattacharya _c2007 |
||
| 650 |
_aSocial _932622 |
||
| 942 |
_2ddc _cBK |
||
| 999 |
_c52462 _d52462 |
||